| 000 | 00642cam a2200217 4500 | ||
|---|---|---|---|
| 008 | 090401t1989 xxu||||| |||| 00| 0 eng d | ||
| 020 | _a0900630949 | ||
| 035 | _a(Sirsi) u35928 | ||
| 041 | _aeng | ||
| 050 |
_a692.8 _c18 |
||
| 100 | _aCox, Stanley | ||
| 245 | 4 | _aThe architect`s guide to the JCT Intermediate Form of Building Contract (IFC84) | |
| 250 | _a2nd ed. | ||
| 260 |
_aLondon _bRIBA Publications Limited _c1989 |
||
| 300 |
_a176p. _c30cm. |
||
| 350 | _a20 | ||
| 650 | _aJCT INTERMEDIATE FORM OF BUILDING CONTRACT (1984 EDITION) | ||
| 690 | _aBUILT ENVIRONMENT-BUILDING CONTRACT FORMS | ||
| 942 | _n0 | ||
| 948 | _c04/03/1997 | ||
| 999 |
_c90162 _d90162 |
||